000 00481nam a2200181Ia 4500
001 11605
005 20260306162840.0
008 260306t1988||||xx |||||||||||||| ||spa||
041 _aESP
082 _a985.4
_bR81
100 _aRomaña, Mauricio de
_eAUT
245 0 _aDescubriendo el Valle del Colca:
_bel valle perdido de los Incas, en Arequipa, Perú
260 _c1988
300 _a204 páginas :
_c29 cm.
650 _aGEN
654 _aCHU
942 _cLIB
_dJUS
_fJUS
_2ddc
_n
999 _c11605
_d11605